ბათუმის შოთა რუსთაველის სახელმწიფო უნივერსიტეტის ბიბლიოთეკა

მაჭახლის ხეობის ისტორიულ-არქეოლოგიური ასპექტები : (ბიბ.ჩანაწერი № 58414)

000 -ლიდერი
ფიქსირებული სიგრძის საკონტროლო ველი 01638nam a22002417a 4500
003 - საკონტროლო ნომრის იდენტიფიკატორი
საკონტროლო ველი Ge_BSU
005 - ბოლო ოპერაციის თარიღი და დრო
საკონტროლო ველი 20220121133537.0
008 - ფიქსირებული სიგრძის მონაცემთა ელემენტები - ზოგადი ინფორმაცია
ფიქსირებული სიგრძის საკონტროლო ველი 220121s ge ||||| |||| 00| 0 geo d
041 ## - ენის კოდი
Language code of text/sound track or separate title geo
080 ## - უნივერსალური ათობითი კლასიფიკაციის ინდექსი
Universal Decimal Classification number 94 ნ-14
100 ## - მთავარი ჩანაწერი - პიროვნების სახელი
Personal name ნაგერვაძე, ზურაბ
9 (RLIN) 13424
245 ## - ცნობა სათაურის შესახებ
Title მაჭახლის ხეობის ისტორიულ-არქეოლოგიური ასპექტები :
Remainder of title დისერტაცია /
Statement of responsibility, etc ზურაბ ნაგერვაძე; სამეცნიერო ხელმძღვანელი ბიჭიკო დიასამიძე, ოთარ გოგოლიშვილი; ბათუმის შოთა რუსთაველის სახელმწიფო უნივერსიტეტი.
264 ## - წარმოების, გამოცემის, დისტრიბუციის და სხვა ცნობები
გამოცემის, წარმოების, დისტრიბუციის... ადგილი ბათუმი,
გამოცემის, წარმოების, დისტრიბუციის... თარიღი 2021.
300 ## - ფიზიკური აღწერა
Extent 291 გვ.
Other physical details 30 სმ.
504 ## - BIBLIOGRAPHY, ETC. NOTE
Bibliography, etc ბიბლიოგრ. გვ. 283-291
653 ## - INDEX TERM--UNCONTROLLED
Uncontrolled term მაჭახლის ხეობის ისტორიულ-არქეოლოგიური ასპექტები
653 ## - INDEX TERM--UNCONTROLLED
Uncontrolled term ისტორია
653 ## - INDEX TERM--UNCONTROLLED
Uncontrolled term დისერტაცია
700 ## - ADDED ENTRY--PERSONAL NAME
Personal name დიასამიძე, ბიჭიკო
Relator term სამეცნიერო ხელმძღვანელი
9 (RLIN) 13425
700 ## - ADDED ENTRY--PERSONAL NAME
Personal name გოგოლიშვილი, ოთარ
Relator term სამეცნიერო ხელმძღვანელი
9 (RLIN) 930
710 ## - ADDED ENTRY--CORPORATE NAME
Corporate name or jurisdiction name as entry element ბათუმის შოთა რუსთაველის სახელმწიფო უნივერსიტეტი.
9 (RLIN) 13426
942 ## - ADDED ENTRY ELEMENTS (KOHA)
Source of classification or shelving scheme
Koha item type წიგნი
ეგზემპლარები
ჩამოწერის სტატუსი დაკარგული ეგზემპლარის სტატუსი კლასიფიკაციის წყარო ან თაროზე გაწყობის სქემა დაზიანების სტატუსი არ გაიცემა მუდმივი მდებარეობა (დაცვის ადგილი) ამჟამინდელი ადგილსამყოფელი თაროზე განთავსების ადგილი შეძენის თარიღი სრული შენახვის შიფრი შტრიხკოდი ბოლო ოპერაციის თარიღი ეგზემპლარის მიმდევრობითი ნომერი (კეტერი?) ფასის ძალაში შესვლის თარიღი ეგზემპლარის სახეობა
          ბათუმის შოთა რუსთაველის სახელმწიფო უნივერსიტეტის მთავარი ბიბლიოთეკა ბათუმის შოთა რუსთაველის სახელმწიფო უნივერსიტეტის მთავარი ბიბლიოთეკა წიგნსაცავი 2022-01-21 94 ნ-14 378 დისერტაცია 2022-01-21 378 2022-01-21 დისერტაცია